00509 a2200145 4500040001300000082001200013100002700025245009300052260004100145300003600186500002000222650002500242650004300267650005300310 aDLCbDLC00a621.3921 aCavanagh, Joseph J. F.10aVeriIog HDL: digital design and modeling bdigital design and modeling cJoseph Cavanagh aBoca Raton, FL :bCRC Press,cc2007. axviii, 900 p. :bill. ;c26 cm. aIncludes index. 0aDigital electronics. 0aLogic circuitsxComputer-aided design. 0aVerilog (Computer hardware description language)